| 000 | 00346nam a2200133Ia 4500 | ||
|---|---|---|---|
| 008 | 191014s9999 xx 000 0 und d | ||
| 020 | _a0-486-40207-X | ||
| 082 |
_a516.362 _bGOL |
||
| 100 |
_aSamuel L.Goldberg _920338 |
||
| 245 | 0 | _aCurvature and Homology | |
| 260 |
_aUSA _bDover Publications INC. _c1998 |
||
| 300 | _aXvii,395 | ||
| 942 | _cBK | ||
| 999 |
_c530911 _d530911 |
||